Online katalóg knižníc regiónu Turca

Za trest trinásťročná (Record no. 22702)

MARC details
000 -LEADER
fixed length control field 01507cam a2200433 a 4500
001 - CONTROL NUMBER
control field 22702
003 - CONTROL NUMBER IDENTIFIER
control field SK-KTurca
005 - DATE AND TIME OF LATEST TRANSACTION
control field 20260420165148.0
008 - FIXED-LENGTH DATA ELEMENTS--GENERAL INFORMATION
fixed length control field 240318s2017 xo c 000 f slo
015 ## - NATIONAL BIBLIOGRAPHY NUMBER
National bibliography number SNBA2017/04
020 ## - INTERNATIONAL STANDARD BOOK NUMBER
International Standard Book Number 9788055624648
Qualifying information (brož.)
035 ## - SYSTEM CONTROL NUMBER
System control number urn:nbn:sk:snk-am00dzfy
035 ## - SYSTEM CONTROL NUMBER
System control number urn:nbn:sk:snk-am3i9rx
035 ## - SYSTEM CONTROL NUMBER
System control number 824946D1-44B0-41E0-BF0A-52BC65C26B3F
040 ## - CATALOGING SOURCE
Original cataloging agency POKPOH
Language of cataloging slo
Transcribing agency POKPOH
Modifying agency SNK
Description conventions AACR2
041 1# - LANGUAGE CODE
Language code of text/sound track or separate title slo
Language code of original eng
044 ## - COUNTRY OF PUBLISHING/PRODUCING ENTITY CODE
MARC country code xo
ISO country code SK
072 #7 - SUBJECT CATEGORY CODE
Subject category code 821.111(73)-3
Subject category code subdivision Americká próza
Source konspekt
072 #7 - SUBJECT CATEGORY CODE
Subject category code 821-93
Subject category code subdivision Literatúra pre deti a mládež (beletria)
Source konspekt
080 ## - UNIVERSAL DECIMAL CLASSIFICATION NUMBER
Universal Decimal Classification number 821.111(73)-31
Edition identifier 2011
080 ## - UNIVERSAL DECIMAL CLASSIFICATION NUMBER
Universal Decimal Classification number 82-31
Edition identifier 2011
080 ## - UNIVERSAL DECIMAL CLASSIFICATION NUMBER
Universal Decimal Classification number 82-93-053.2
Edition identifier 2011
100 1# - MAIN ENTRY--PERSONAL NAME
Personal name Mass, Wendy,
Dates associated with a name 1967-
Relationship aut
240 14 - UNIFORM TITLE
Uniform title The Willow Falls Series, Book 3 - 13 Gifts
Language of a work Slovensky
245 10 - TITLE STATEMENT
Title Za trest trinásťročná
Statement of responsibility, etc. Wendy Mass ; [z anglického originálu preložila Zuzana Kamenská]
260 ## - PUBLICATION, DISTRIBUTION, ETC.
Place of publication, distribution, etc. Bratislava
Name of publisher, distributor, etc. Slovart
Date of publication, distribution, etc. 2017
300 ## - PHYSICAL DESCRIPTION
Extent 341 s.
Dimensions 19 cm
500 ## - GENERAL NOTE
General note Na obálke uvedené: Budú to zakliate narodeniny? Alebo nie?
521 1# - TARGET AUDIENCE NOTE
Target audience note Pre deti 10+
655 #7 - INDEX TERM--GENRE/FORM
Genre/form data or focus term americké romány
Source of term SNKPH
655 #7 - INDEX TERM--GENRE/FORM
Genre/form data or focus term dievčenské romány
Source of term SNKPH
655 #7 - INDEX TERM--GENRE/FORM
Genre/form data or focus term publikácie pre deti
Source of term SNKPH
655 #7 - INDEX TERM--GENRE/FORM
Genre/form data or focus term American novels
Source of term SNKPHeng
655 #7 - INDEX TERM--GENRE/FORM
Genre/form data or focus term Girls' novels
Source of term SNKPHeng
655 #7 - INDEX TERM--GENRE/FORM
Genre/form data or focus term Children's literature
Source of term SNKPHeng
700 1# - ADDED ENTRY--PERSONAL NAME
Personal name Trstenská, Zuzana,
Dates associated with a name 1982-
Relationship trl
942 ## - ADDED ENTRY ELEMENTS (KOHA)
Source of classification or shelving scheme Dewey Decimal Classification
Koha item type Krásna literatúra pre deti
Suppress in OPAC No
Holdings
Stav vyradenia Strata Poškodenie Spôsob nadobudnutia Domovská knižnica Aktuálna knižnica Dátum nadobudnutia Total checkouts Čiarový kód exemplára Date due Date last seen Date last checked out Typ exemplára
      Dar Mestská knižnica Turany Mestská knižnica Turany 20.04.2026 1 4712401336 20.05.2026 20.04.2026 20.04.2026 Krásna literatúra pre deti
Projekt je podporený Slovenskou asociáciou knižníc
Prevádzkuje Turčianska knižnica Martin 2026